Financial Accounting For Management (Record no. 1312234)

MARC details
000 -LEADER
fixed length control field 00495nam a2200193Ia 4500
005 - DATE AND TIME OF LATEST TRANSACTION
control field 20250610105213.0
008 - FIXED-LENGTH DATA ELEMENTS--GENERAL INFORMATION
fixed length control field 008 250505s9999 xx 000 0 eng d
020 ## - INTERNATIONAL STANDARD BOOK NUMBER
International Standard Book Number 9789389811735
040 ## - CATALOGING SOURCE
Language of cataloging eng
Transcribing agency ILCL
041 ## - LANGUAGE CODE
Language code of text/sound track or separate title eng
Source of code eng
084 ## - COLON CLASSIFICATION NUMBER
Classification number X:8C R0
100 ## - MAIN ENTRY--PERSONAL NAME
Personal name Ramachandran N
245 #0 - TITLE STATEMENT
Title Financial Accounting For Management
250 ## - EDITION STATEMENT
Edition statement 5
260 ## - PUBLICATION, DISTRIBUTION, ETC.
Place of publication, distribution, etc. India
Name of publisher, distributor, etc. McGraw Hill
Date of publication, distribution, etc. 2020
300 ## - PHYSICAL DESCRIPTION
Extent xxvi,621p.
700 ## - ADDED ENTRY--PERSONAL NAME
Personal name Ram Kumar Kakani
942 ## - ADDED ENTRY ELEMENTS (KOHA)
Koha item type Textbook
Source of classification or shelving scheme
999 ## -
-- 1312234
-- 1312234
Holdings
Withdrawn status Lost status Damaged status Not for loan Home library Current library Date acquired Source of acquisition Cost, normal purchase price Inventory number Total checkouts Full call number Barcode Date last seen Price effective from Koha item type
        Integrated Law Course library Integrated Law Course library 7-12-24 The Book Seller 880.00 IN-00008 dt.12-07-2024   X:8C R0 IL1863394 2025-05-06 2025-05-06 Textbook
        Integrated Law Course library Integrated Law Course library 7-12-24 The Book Seller 880.00 IN-00008 dt.12-07-2024   X:8C R0 IL1863395 2025-05-06 2025-05-06 Textbook
Copyright @ Delhi University Library System